| 000 | 00839nam a2200229Ia 4500 | ||
|---|---|---|---|
| 001 | 8095 | ||
| 003 | GE_BSU | ||
| 008 | 181216s||||||||xx |||||||||||||| ||und|| | ||
| 040 | _cGE_BSU | ||
| 080 | _a621.01.001(075.8) | ||
| 100 | _aКореняко,А.С. Кременштеин,Л.И. и др. | ||
| 245 | _aКурсовое проектирование по теории механизмов и машин. | ||
| 245 | _cПод ред. А.С.Кореняко. Ред.Р.С.Деловая. | ||
| 250 | _aИзд 5-ое,перераб. | ||
| 260 | _aКиев. | ||
| 260 | _bВища школа. | ||
| 260 | _c1970. | ||
| 300 | _a332стр.22см.илл. 114. 30 библиогр. | ||
| 300 | _eтабл. | ||
| 653 | _aКурсовое проектирование по теории механизмов и машин. | ||
| 942 | _cBK | ||
| 999 |
_c41433 _d41433 |
||